El estrés del hombre
保存先:
| 第一著者: | |
|---|---|
| フォーマット: | 図書 |
| 言語: | スペイン語 |
| 出版事項: |
Barcelona
Grijalbo
1996
|
| 版: | 1a. ed |
| シリーズ: | Autoayuda y Superación
|
| 主題: | |
| タグ: |
タグ追加
タグなし, このレコードへの初めてのタグを付けませんか!
|
MARC
| LEADER | 00000cam a2200000 a 4500 | ||
|---|---|---|---|
| 001 | UCD6992 | ||
| 003 | CL-VaPUC | ||
| 008 | 170303e19960000sp |||||||||||||||||spa|d | ||
| 020 | |a 8425329353 | ||
| 082 | 0 | 4 | |a 155.632 |b WIT |2 21 |
| 100 | 0 | |a Witkin, Georgio |e author |9 590914 | |
| 245 | 1 | 3 | |a El estrés del hombre |
| 250 | |a 1a. ed | ||
| 300 | |a 260 p | ||
| 942 | |c BK | ||
| 945 | |d 20170303 17:35:00 |a arojas | ||
| 260 | |a Barcelona |b Grijalbo |c 1996 | ||
| 650 | 7 | |a ESTRES |2 CL-VaPUC |9 338725 | |
| 650 | 0 | |a Hombres |9 318163 | |
| 650 | 7 | |a PSICOLOGIA EXPERIMENTAL |2 CL-VaPUC |9 309015 | |
| 583 | |a last modification |c 20170303 17:35:00 |k Rodrigo Vera | ||
| 490 | 0 | |a Autoayuda y Superación | |
| 999 | |c 367164 |d 367162 | ||
| 952 | |0 0 |1 0 |3 erb |4 0 |6 155_632000000000000_WIT_1996 |7 0 |8 A |9 481856 |a BIBENE |b BIBENE |i 5329264 |o 155.632 WIT 1996 |p 5329264 |r 2025-01-15 |w 2019-11-24 |y BK |z Catalogado en:20170303 |k ICO | ||